000 00209 a2200097 4500
020 _a9780823046133
041 _aeng
100 _aGRACE TAORMINA
245 _aTHE COMPLETE GUIDE FOR RUBBER STAMPING
942 _cBK
999 _c6548
_d6548